000 00721nam a2200253Ia 4500
003 OSt
005 20220927111221.0
006 a|||||r|||| 00| 0
007 ta
008 220926b |||||||| |||| 00| 0 eng d
024 _a104616
037 _cReports
040 _aRTL
_cRTL
_beng
041 _2eng
_aeng
082 _a"z.275.N74t5, L2/GD"
110 _a"West Bengal, State Planning Board"
_9381637
245 0 _aWest Bangel approach of fifth five year plan 1974-79
260 _aBengal
_c1972
300 _a147p.
_ccm.
650 _aGeneralia
700 _a"West Bengal, State Planning Board"
_9381638
942 _h"z.275.N74t5, L2/GD"
_cCC
999 _c698825
_d698825